[Event "CHN-ch Rapid/Blitz 4th"]
[Site "Shaoxing"]
[Date "2025.07.13"]
[Round "1.2"]
[White "Liu, Yan"]
[Black "Xu, Yi"]
[Result "1-0"]
[WhiteElo "2536"]
[BlackElo "2468"]
[PlyCount "73"]
[EventDate "2025.07.13"]
[EventType "k.o. (rapid)"]
[EventRounds "5"]
[EventCountry "CHN"]
[SourceTitle "CB29_2025"]
[SourceDate "2025.07.16"]
[SourceVersion "1"]
[SourceVersionDate "2025.07.16"]
[SourceQuality "1"]

1. c4 Nf6 2. Nc3 e6 3. e4 c5 4. e5 Ng8 5. d4 cxd4 6. Qxd4 Nc6 7. Qf4 d6 8. Nf3 Nh6 9. Qe4 dxe5 10. Bxh6 gxh6 11. Nxe5 Nxe5 12. Qxe5 Rg8 13. Rd1 Qg5 14. Qe4 Bb4 15. g3 Qf6 16. Be2 Bxc3+ 17. bxc3 Rb8 18. Qd3 e5 19. 0-0 Bf5 20. Qe3 b6 21. Rd5 Be6 22. Rxe5 Rg5 23. Re4 Kf8 24. Rd1 Rc8 25. h4 Ra5 26. Rd2 h5 27. Rf4 Qe5 28. Re4 Qf6 29. Rd6 Re8 30. Rd5 Rxa2 31. Rxh5 Qg6 32. Rg5 Ra1+ 33. Kh2 Qf6 34. Rf4 Qh8 35. Re5 Kg8 36. Bg4 Rd8 37. Bxe6 1-0

[Event "CHN-ch Rapid/Blitz 4th"]
[Site "Shaoxing"]
[Date "2025.07.13"]
[Round "1.4"]
[White "Liu, Yan"]
[Black "Xu, Yi"]
[Result "1/2-1/2"]
[WhiteElo "2536"]
[BlackElo "2468"]
[PlyCount "167"]
[EventDate "2025.07.13"]
[EventType "k.o. (rapid)"]
[EventRounds "5"]
[EventCountry "CHN"]
[SourceTitle "CB29_2025"]
[SourceDate "2025.07.16"]
[SourceVersion "1"]
[SourceVersionDate "2025.07.16"]
[SourceQuality "1"]

1. c4 Nf6 2. d4 e6 3. Nf3 d5 4. Nc3 Bb4 5. Qb3 c5 6. dxc5 Nc6 7. Bg5 Qa5 8. Bxf6 dxc4 9. Qxc4 gxf6 10. Rc1 Qxc5 11. Qh4 Ke7 12. g3 Bxc3+ 13. Rxc3 Qb4 14. Qxb4+ Nxb4 15. a3 Nd5 16. Rc1 Bd7 17. Bg2 Rac8 18. Kd2 Nb6 19. b3 Bc6 20. Nh4 Rhd8+ 21. Ke3 Nd5+ 22. Bxd5 Bxd5 23. f3 Bxb3 24. Rxc8 Rxc8 25. Rb1 Bd5 26. Kd2 f5 27. Ng2 Rd8 28. Ke1 Bc6 29. Rb4 Rd5 30. Ne3 Ra5 31. Rb3 Ra4 32. Rc3 a6 33. Nc4 Bd5 34. Nb6 Ra5 35. Rc7+ Kf6 36. Nd7+ Ke7 37. Nb6+ Kf6 38. f4 Bc6 39. Nc4 Rc5 40. Ne5 Kg7 41. Rxf7+ Kg8 42. Re7 Bd5 43. Nd7 Rc1+ 44. Kf2 Rc3 45. Nf6+ Kf8 46. Rxh7 Rxa3 47. h4 Ra1 48. h5 Rh1 49. g4 fxg4 50. e4 Bc4 51. Kg3 Be2 52. f5 exf5 53. e5 Bc4 54. Kf4 g3 55. Kxg3 Bf7 56. h6 Bg6 57. Rh8+ Ke7 58. Kf4 Rf1+ 59. Kg5 Rg1+ 60. Kf4 Rf1+ 61. Ke3 Ke6 62. Rg8 f4+ 63. Kd4 Rd1+ 64. Kc5 Bb1 65. Re8+ Kf7 66. Rb8 Ke6 67. Rxb7 Kxe5 68. Ng4+ Ke6 69. Nf2 Rc1+ 70. Kd4 Bf5 71. Rb6+ Kf7 72. Ke5 Rc5+ 73. Kxf4 a5 74. Ra6 Rb5 75. Nd1 Bg6 76. Ne3 Rb4+ 77. Ke5 Rb5+ 78. Nd5 Bb1 79. Rf6+ Kg8 80. Kd6 Kh7 81. Nc3 Rb6+ 82. Ke7 Rxf6 83. Kxf6 Kxh6 84. Nxb1 1/2-1/2

[Event "CHN-ch"]
[Site "Xinghua"]
[Date "2025.06.28"]
[Round "6"]
[White "Liu, Yan"]
[Black "Yuan, Qingyu"]
[Result "1-0"]
[WhiteElo "2536"]
[BlackElo "2347"]
[PlyCount "121"]
[EventDate "2025.06.23"]
[EventType "swiss"]
[EventRounds "11"]
[EventCountry "CHN"]
[SourceTitle "CB28_2025"]
[SourceDate "2025.07.09"]
[SourceVersion "1"]
[SourceVersionDate "2025.07.09"]
[SourceQuality "1"]

1. c4 e6 2. Nc3 d5 3. d4 Nf6 4. cxd5 exd5 5. Bg5 c6 6. e3 Be7 7. Bd3 Nbd7 8. Nge2 Nh5 9. Bxe7 Qxe7 10. 0-0 0-0 11. Qb1 g6 12. b4 a6 13. a4 Nb6 14. b5 cxb5 15. a5 Na4 16. Nxa4 bxa4 17. Nc3 Be6 18. Nxa4 Rac8 19. Qb2 Nf6 20. Nb6 Rc7 21. Rfc1 Rd8 22. Rxc7 Qxc7 23. Rc1 Qb8 24. h3 Qd6 25. Na4 Rc8 26. Nc5 Rb8 27. Rb1 Nd7 28. Nxb7 Qc6 29. Qc2 Qxc2 30. Bxc2 Bf5 31. Bxf5 gxf5 32. Kh2 Kg7 33. Kg3 Kf6 34. Kf4 h6 35. Rb2 Kg6 36. Kf3 Kg5 37. Rb3 Kf6 38. Nc5 Rxb3 39. Nxb3 Kg5 40. Nc5 Nb8 41. Kg3 f4+ 42. exf4+ Kf5 43. Kf3 Nc6 44. g4+ Kg6 45. Nb3 Nb4 46. f5+ Kg5 47. Kg3 h5 48. h4+ Kf6 49. f3 Nd3 50. Nc5 Nb4 51. Kf4 Nc6 52. Nb3 Nb4 53. g5+ Ke7 54. f6+ Ke6 55. Nc5+ Kd6 56. g6 fxg6 57. Kg5 Nc6 58. Kxg6 Nxd4 59. f7 Ke7 60. f4 Nf3 61. Kg7 1-0

[Event "CHN Nat Games qual tt 15th"]
[Site "Huairou District"]
[Date "2025.06.12"]
[Round "6.9"]
[White "Zhang, Pengxiang"]
[Black "Liu, Yan"]
[Result "1-0"]
[WhiteElo "2567"]
[BlackElo "2536"]
[PlyCount "63"]
[EventDate "2025.06.11"]
[EventType "team-swiss (rapid)"]
[EventRounds "7"]
[EventCountry "CHN"]
[SourceTitle "CB25_2025"]
[SourceDate "2025.06.18"]
[SourceVersion "1"]
[SourceVersionDate "2025.06.18"]
[SourceQuality "1"]
[WhiteTeam "Hebei Province"]
[BlackTeam "Chongqing City"]
[WhiteTeamCountry "CHN"]
[BlackTeamCountry "CHN"]

1. e4 c5 2. Nf3 d6 3. d4 cxd4 4. Nxd4 Nf6 5. Nc3 a6 6. Be2 e5 7. Nb3 Be7 8. 0-0 0-0 9. Be3 Be6 10. Qd3 Nbd7 11. Nd5 Bxd5 12. exd5 Rc8 13. Rfd1 Nb6 14. Bxb6 Qxb6 15. c4 g6 16. Rab1 Nd7 17. Nd2 a5 18. a3 Nc5 19. Qe3 a4 20. b4 axb3 21. Nxb3 Qa6 22. Nxc5 Rxc5 23. Rb3 Ra8 24. Rdb1 Ra7 25. h4 Bxh4 26. Qh6 Bf6 27. Rh3 Qa5 28. Qxh7+ Kf8 29. Rf3 Qd8 30. Bd3 Rc7 31. Bxg6 fxg6 32. Qh8+ 1-0

[Event "CHN Nat Games qual tt 15th"]
[Site "Huairou District"]
[Date "2025.06.11"]
[Round "1.17"]
[White "Cai, Chaoruo"]
[Black "Liu, Yan"]
[Result "0-1"]
[WhiteElo "2258"]
[BlackElo "2536"]
[PlyCount "56"]
[EventDate "2025.06.11"]
[EventType "team-swiss (rapid)"]
[EventRounds "7"]
[EventCountry "CHN"]
[SourceTitle "CB25_2025"]
[SourceDate "2025.06.18"]
[SourceVersion "1"]
[SourceVersionDate "2025.06.18"]
[SourceQuality "1"]
[WhiteTeam "Fujian Province"]
[BlackTeam "Chongqing City"]
[WhiteTeamCountry "CHN"]
[BlackTeamCountry "CHN"]

1. d4 Nf6 2. g3 d5 3. Nf3 c6 4. Bg2 Bf5 5. c4 e6 6. 0-0 h6 7. Qb3 Qb6 8. Nc3 Qxb3 9. axb3 Bc2 10. Nd2 Bb4 11. e4 dxe4 12. Ncxe4 Nbd7 13. c5 0-0 14. Nd6 Rfb8 15. Nxb7 Rxb7 16. Bxc6 Rbb8 17. Nc4 Bxb3 18. Nb6 axb6 19. Rxa8 Rxa8 20. Bxa8 bxc5 21. dxc5 Nxc5 22. Be3 Nd3 23. Bd4 e5 24. Bc3 Bc5 25. Bf3 e4 26. Be2 Nd5 27. Bg4 e3 28. Ra1 exf2+ 0-1

[Event "China zt 3.5"]
[Site "Jiangxi"]
[Date "2025.03.29"]
[Round "8"]
[White "Peng, Xiongjian"]
[Black "Liu, Yan"]
[Result "1/2-1/2"]
[WhiteElo "2515"]
[BlackElo "2542"]
[PlyCount "51"]
[EventDate "2025.03.22"]
[EventType "swiss"]
[EventRounds "9"]
[EventCountry "CHN"]
[SourceTitle "CB14_2025"]
[SourceDate "2024.11.01"]
[SourceVersion "1"]
[SourceVersionDate "2024.11.01"]
[SourceQuality "1"]

1. e4 e5 2. Nf3 Nc6 3. Bc4 Bc5 4. c3 Nf6 5. d4 exd4 6. e5 d5 7. Bb5 Ne4 8. cxd4 Bb6 9. Nc3 0-0 10. Be3 Bg4 11. h3 Bh5 12. Qc2 Nxc3 13. bxc3 f6 14. exf6 Qxf6 15. Be2 Bg6 16. Qb3 Qd6 17. 0-0 h6 18. Rae1 Be4 19. Nd2 Bf5 20. Nf3 Be4 21. Bc1 Na5 22. Qa4 Qg6 23. Nh4 Qf6 24. Nf3 Qg6 25. Nh4 Qf6 26. Nf3 1/2-1/2

[Event "China zt 3.5"]
[Site "Jiangxi"]
[Date "2025.03.23"]
[Round "2"]
[White "Dong, Hongfu"]
[Black "Liu, Yan"]
[Result "0-1"]
[WhiteElo "2238"]
[BlackElo "2542"]
[PlyCount "70"]
[EventDate "2025.03.22"]
[EventType "swiss"]
[EventRounds "9"]
[EventCountry "CHN"]
[SourceTitle "CB14_2025"]
[SourceDate "2024.11.01"]
[SourceVersion "1"]
[SourceVersionDate "2024.11.01"]
[SourceQuality "1"]

1. e4 c5 2. Nf3 d6 3. d4 cxd4 4. Nxd4 Nf6 5. Nc3 a6 6. h3 e5 7. Nb3 Be7 8. Be3 Be6 9. Qf3 Nbd7 10. g4 h6 11. 0-0-0 Rc8 12. Kb1 Rxc3 13. bxc3 b5 14. Rg1 Nb6 15. Nc5 Bc8 16. h4 Qc7 17. g5 dxc5 18. gxf6 Bxf6 19. Bh3 Na4 20. Bc1 b4 21. cxb4 cxb4 22. Rd3 Bxh3 23. Qxh3 0-0 24. Bb2 Rc8 25. Rc1 Qc4 26. Qd7 Nxb2 27. Kxb2 Bxh4 28. Qd5 Qc7 29. c4 Rd8 30. c5 Rxd5 31. exd5 e4 32. Rdd1 Qa5 33. c6 Qa3+ 34. Kb1 b3 35. Rd2 Bf6 0-1

[Event "China zt 3.5"]
[Site "Jiangxi"]
[Date "2025.03.22"]
[Round "1"]
[White "Liu, Yan"]
[Black "Chen, Yuan"]
[Result "1/2-1/2"]
[WhiteElo "2542"]
[BlackElo "2286"]
[PlyCount "164"]
[EventDate "2025.03.22"]
[EventType "swiss"]
[EventRounds "9"]
[EventCountry "CHN"]
[SourceTitle "CB14_2025"]
[SourceDate "2024.11.01"]
[SourceVersion "1"]
[SourceVersionDate "2024.11.01"]
[SourceQuality "1"]

1. c4 c5 2. Nc3 Nf6 3. g3 d5 4. cxd5 Nxd5 5. Bg2 Nc7 6. Qb3 Nc6 7. Bxc6+ bxc6 8. Nf3 g6 9. h4 h5 10. Qa4 Bg7 11. Qxc6+ Qd7 12. Qxd7+ Bxd7 13. b3 Bc6 14. Bb2 Ne6 15. 0-0 Rd8 16. Rfd1 Bxf3 17. exf3 Rd3 18. f4 0-0 19. Kf1 Rfd8 20. Ke2 R3d7 21. Na4 Bxb2 22. Nxb2 Nd4+ 23. Kf1 Rd5 24. Rac1 Nc6 25. d4 Nxd4 26. Na4 Ne6 27. Rxd5 Rxd5 28. Ke1 Kf8 29. Rd1 Rd6 30. Rc1 Rd5 31. Rd1 Rd6 32. Nc3 Nd4 33. Kf1 f5 34. Rc1 Ne6 35. Ke1 Nd4 36. Na4 Re6+ 37. Kf1 Re2 38. Nxc5 Rxa2 39. Rd1 Nf3 40. Kg2 Nd2 41. Re1 Ne4 42. Nxe4 fxe4 43. Rxe4 Kf7 44. Ra4 Rb2 45. Ra3 Kf6 46. Kf3 Rd2 47. Ke3 Rc2 48. b4 Rb2 49. Ra4 e6 50. f3 Rb3+ 51. Ke4 Rc3 52. b5 Rc5 53. Rb4 Rd5 54. g4 Kf7 55. Ke3 Ke7 56. Rb3 Kf7 57. Rb1 Ke7 58. Kf2 Kf7 59. Rb3 Rc5 60. Ke3 Rd5 61. Ke4 Ke7 62. Ra3 Rxb5 63. Rxa7+ Kf8 64. Rh7 Ra5 65. Rd7 Rb5 66. Kd4 Ra5 67. Rc7 Rd5+ 68. Ke4 Ra5 69. Rb7 Rd5 70. Ra7 Rb5 71. Kd4 Rd5+ 72. Kc4 hxg4 73. fxg4 Rd1 74. g5 Rf1 75. Kd4 Rxf4+ 76. Ke5 Rf1 77. Kxe6 Kg8 78. Rd7 Rf4 79. Ke7 Rxh4 80. Kf6 Ra4 81. Rd8+ Kh7 82. Rd7+ Kg8 1/2-1/2

[Event "North American op 34th"]
[Site "Las Vegas"]
[Date "2024.12.30"]
[Round "9"]
[White "Liu, Yan"]
[Black "Heimann, Mark A"]
[Result "1/2-1/2"]
[WhiteElo "2548"]
[BlackElo "2459"]
[PlyCount "72"]
[EventDate "2024.12.26"]
[EventType "swiss"]
[EventRounds "9"]
[EventCountry "USA"]
[SourceTitle "CB02_2025"]
[SourceDate "2025.01.08"]
[SourceVersion "1"]
[SourceVersionDate "2025.01.08"]
[SourceQuality "1"]

1. c4 e5 2. Nc3 Bb4 3. Nd5 Be7 4. Nf3 d6 5. d4 Nf6 6. Nc3 exd4 7. Nxd4 d5 8. Bf4 0-0 9. e3 a6 10. Nf3 c6 11. cxd5 Nxd5 12. Nxd5 cxd5 13. Be5 Nd7 14. Bc3 Nc5 15. Be2 Ne4 16. 0-0 Nxc3 17. bxc3 Be6 18. Nd4 Rc8 19. Qb3 Rc7 20. Nxe6 fxe6 21. c4 d4 22. Rad1 Bc5 23. exd4 Bxd4 24. Qd3 Rd7 25. Kh1 e5 26. f4 Qe7 27. fxe5 Rxf1+ 28. Bxf1 Qxe5 29. Qe2 Qxe2 30. Bxe2 Re7 31. Bf3 b6 32. g3 Bc5 33. a4 g6 34. Kg2 Kg7 35. Rd2 Kh6 36. Re2 Rxe2+ 1/2-1/2

[Event "North American op 34th"]
[Site "Las Vegas"]
[Date "2024.12.29"]
[Round "8"]
[White "Omelja, Artem"]
[Black "Liu, Yan"]
[Result "1/2-1/2"]
[WhiteElo "2419"]
[BlackElo "2548"]
[PlyCount "30"]
[EventDate "2024.12.26"]
[EventType "swiss"]
[EventRounds "9"]
[EventCountry "USA"]
[SourceTitle "CB02_2025"]
[SourceDate "2025.01.08"]
[SourceVersion "1"]
[SourceVersionDate "2025.01.08"]
[SourceQuality "1"]

1. Nf3 Nf6 2. c4 b6 3. g3 c5 4. Bg2 Bb7 5. b3 g6 6. Bb2 Bg7 7. 0-0 0-0 8. Nc3 d5 9. Nxd5 Nxd5 10. Bxg7 Kxg7 11. cxd5 Qxd5 12. d4 cxd4 13. Qxd4+ Qxd4 14. Nxd4 Bxg2 15. Kxg2 Rc8 1/2-1/2

[Event "North American op 34th"]
[Site "Las Vegas"]
[Date "2024.12.26"]
[Round "2"]
[White "Lee, Michael"]
[Black "Liu, Yan"]
[Result "1/2-1/2"]
[WhiteElo "2321"]
[BlackElo "2548"]
[PlyCount "117"]
[EventDate "2024.12.26"]
[EventType "swiss"]
[EventRounds "9"]
[EventCountry "USA"]
[SourceTitle "CB02_2025"]
[SourceDate "2025.01.08"]
[SourceVersion "1"]
[SourceVersionDate "2025.01.08"]
[SourceQuality "1"]

1. c4 Nf6 2. Nc3 e5 3. Nf3 Nc6 4. e4 Bb4 5. d3 d6 6. a3 Bxc3+ 7. bxc3 Nd7 8. g3 Nc5 9. Bg2 f5 10. Nh4 Qf6 11. exf5 Bxf5 12. Nxf5 Qxf5 13. Ke2 0-0 14. Be3 Nd4+ 15. Kf1 Nxd3 16. Ra2 Nf3 17. Bxf3 Qxf3 18. Qxf3 Rxf3 19. Kg2 e4 20. h4 h5 21. Rb1 b6 22. a4 Ne5 23. a5 Raf8 24. axb6 axb6 25. Rb4 c5 26. Rba4 R8f6 27. Bg5 Rf7 28. Be3 Ng4 29. Bf4 Rxc3 30. Bxd6 e3 31. f3 e2 32. Rxe2 Ne3+ 33. Kf2 Nxc4 34. Ra8+ Kh7 35. Bf4 Rb3 36. Rd8 Nb2 37. Re3 Rxe3 38. Kxe3 Re7+ 39. Kd2 Nc4+ 40. Kc3 Ne5 41. Rd5 Nxf3 42. Rxh5+ Kg8 43. Rd5 Nd4 44. Kc4 Ne2 45. Re5 Kf7 46. Rxe7+ Kxe7 47. Bc7 Kd7 48. Bxb6 Nxg3 49. Bxc5 Ke6 50. Kd3 Kf5 51. Be7 Kg4 52. Bd8 Nf5 53. Ke2 Nxh4 54. Kf2 Nf5 55. Kg2 Nd4 56. Kf2 Nc6 57. Bb6 Kh3 58. Be3 Ne5 59. Bg5 1/2-1/2

[Event "TCh-CHN Div A Finals"]
[Site "Shaoxing"]
[Date "2024.12.06"]
[Round "3.1"]
[White "Liu, Yan"]
[Black "Wang, Shixu B"]
[Result "1-0"]
[WhiteElo "2548"]
[BlackElo "2460"]
[PlyCount "59"]
[EventDate "2024.12.02"]
[EventType "team-k.o."]
[EventRounds "4"]
[EventCountry "CHN"]
[SourceTitle "CB50_2024"]
[SourceDate "2024.11.01"]
[SourceVersion "1"]
[SourceVersionDate "2024.11.01"]
[SourceQuality "2"]
[WhiteTeam "Chongqing Ticai"]
[BlackTeam "Tianjin"]
[WhiteTeamCountry "CHN"]
[BlackTeamCountry "CHN"]

1. c4 Nf6 2. Nc3 e5 3. Nf3 Nc6 4. g3 Bb4 5. Nd5 Bc5 6. Bg2 0-0 7. b4 Nxb4 8. Nxb4 Bxb4 9. Nxe5 Qe7 10. Bb2 Ba3 11. Bxa3 Qxa3 12. 0-0 d6 13. Nf3 Re8 14. Re1 Bd7 15. Qb3 Qa5 16. d3 Rab8 17. a4 c5 18. Qb2 d5 19. cxd5 Nxd5 20. Ne5 Be6 21. Rec1 Nb4 22. d4 cxd4 23. Qxd4 Rbd8 24. Qf4 Nd5 25. Qf3 Rc8 26. Bh3 Qa6 27. Bf5 Qd6 28. Rxc8 Rxc8 29. Nxf7 Qe7 30. Ng5 1-0

[Event "TCh-CHN Div A Finals"]
[Site "Shaoxing"]
[Date "2024.12.04"]
[Round "2.1"]
[White "Liu, Yan"]
[Black "Wang, Shixu B"]
[Result "1/2-1/2"]
[WhiteElo "2548"]
[BlackElo "2460"]
[PlyCount "63"]
[EventDate "2024.12.02"]
[EventType "team-k.o."]
[EventRounds "4"]
[EventCountry "CHN"]
[SourceTitle "CB50_2024"]
[SourceDate "2024.11.01"]
[SourceVersion "1"]
[SourceVersionDate "2024.11.01"]
[SourceQuality "2"]
[WhiteTeam "Chongqing Ticai"]
[BlackTeam "Tianjin"]
[WhiteTeamCountry "CHN"]
[BlackTeamCountry "CHN"]

1. c4 Nf6 2. Nf3 b6 3. d4 e6 4. g3 Ba6 5. b3 Bb7 6. Bg2 Bb4+ 7. Bd2 c5 8. 0-0 0-0 9. Bxb4 cxb4 10. Qd3 d5 11. Nbd2 Nbd7 12. Rfc1 a5 13. Ne1 Rc8 14. Nc2 dxc4 15. bxc4 Bxg2 16. Kxg2 e5 17. a3 bxa3 18. Rxa3 exd4 19. Qxd4 Re8 20. Ne3 Ne5 21. Qxd8 Rexd8 22. Nb3 g6 23. c5 bxc5 24. Rxc5 Rxc5 25. Nxc5 Rd2 26. Kf1 Nc6 27. Nb3 Rb2 28. Nxa5 Rb1+ 29. Kg2 Nd4 30. Ra2 Re1 31. Rd2 Nxe2 32. Rd1 1/2-1/2

[Event "Belt and Road op-A"]
[Site "Aksu"]
[Date "2024.10.22"]
[Round "9"]
[White "Liu, Yan"]
[Black "Kong, Xiangrui"]
[Result "1/2-1/2"]
[WhiteElo "2562"]
[BlackElo "2440"]
[PlyCount "137"]
[EventDate "2024.10.16"]
[EventType "swiss"]
[EventRounds "9"]
[EventCountry "CHN"]
[SourceTitle "CB43_2024"]
[Source "Chessbase"]
[SourceDate "2024.10.23"]
[SourceVersion "1"]
[SourceVersionDate "2024.10.23"]
[SourceQuality "1"]

1. c4 c6 2. d4 d5 3. Nf3 Nf6 4. e3 Bg4 5. h3 Bxf3 6. Qxf3 e6 7. a3 Nbd7 8. Nc3 g6 9. Bd3 Bg7 10. 0-0 0-0 11. Rd1 Re8 12. Bf1 Qc7 13. Bd2 Rad8 14. Rac1 Qb8 15. b4 dxc4 16. Bxc4 e5 17. Bb3 Nb6 18. Ne4 Nxe4 19. Bxf7+ Kh8 20. Qxe4 Rf8 21. Bb3 exd4 22. exd4 Rxd4 23. Qe1 Nd5 24. Bxd5 Rxd5 25. Bc3 Qd6 26. Rxd5 Qxd5 27. Bxg7+ Kxg7 28. Rd1 Qf5 29. Rd6 Qf4 30. Re6 Qd4 31. Re4 Qf6 32. Qe3 a6 33. Re6 Qa1+ 34. Kh2 Rf6 35. Re8 Rf7 36. Re6 Rf6 37. Re4 Qa2 38. f4 Qd5 39. Re5 Qd6 40. g4 Rf7 41. Kg3 Rd7 42. Kh4 h6 43. Re6 Qd4 44. Re7+ Kf8 45. Re8+ Kg7 46. Re7+ Kf8 47. Qxd4 Rxd4 48. Rxb7 Rxf4 49. Rb6 Rf3 50. Rxc6 Kf7 51. g5 hxg5+ 52. Kxg5 Rg3+ 53. Kf4 Rxa3 54. Ke5 Rxh3 55. Rxa6 Ke7 56. Kd5 Kd7 57. Ra7+ Kc8 58. Kc6 Kb8 59. Rb7+ Ka8 60. Rg7 Rc3+ 61. Kb6 Rc8 62. b5 Kb8 63. Ka6 Rf8 64. b6 g5 65. Rxg5 Rh8 66. Rg7 Rf8 67. Rb7+ Ka8 68. Rc7 Kb8 69. Rd7 1/2-1/2

[Event "Belt and Road op-A"]
[Site "Aksu"]
[Date "2024.10.19"]
[Round "5"]
[White "Liu, Yan"]
[Black "Wang, Yu A"]
[Result "1-0"]
[WhiteElo "2562"]
[BlackElo "2207"]
[PlyCount "75"]
[EventDate "2024.10.16"]
[EventType "swiss"]
[EventRounds "9"]
[EventCountry "CHN"]
[SourceTitle "CB43_2024"]
[Source "Chessbase"]
[SourceDate "2024.10.23"]
[SourceVersion "1"]
[SourceVersionDate "2024.10.23"]
[SourceQuality "1"]

1. Nf3 Nf6 2. c4 e6 3. g3 b6 4. Bg2 Bb7 5. 0-0 Be7 6. b3 0-0 7. Bb2 c5 8. d4 cxd4 9. Qxd4 Nc6 10. Qf4 d5 11. Rd1 Qb8 12. Ne5 Nxe5 13. Bxe5 Qc8 14. Qf3 Nd7 15. Bb2 Bf6 16. Nc3 Ne5 17. Qe3 Ng4 18. Qf4 e5 19. Qd2 dxc4 20. Bxb7 Qxb7 21. h3 Nh6 22. Nd5 Nf5 23. Qc2 Ne7 24. Nxf6+ gxf6 25. Qxc4 Qc8 26. Qb4 Ng6 27. Rd6 Qxh3 28. Rxf6 Rad8 29. Rd6 Rc8 30. Qe4 Rfd8 31. Rad1 Re8 32. Rd7 a5 33. Qf3 Rf8 34. Ba3 e4 35. Qf6 e3 36. Bxf8 exf2+ 37. Qxf2 Rxf8 38. Rd8 1-0

[Event "Belt and Road op-A"]
[Site "Aksu"]
[Date "2024.10.17"]
[Round "3"]
[White "Liu, Yan"]
[Black "Chen, Yuan1"]
[Result "1/2-1/2"]
[WhiteElo "2562"]
[BlackElo "2355"]
[PlyCount "72"]
[EventDate "2024.10.16"]
[EventType "swiss"]
[EventRounds "9"]
[EventCountry "CHN"]
[SourceTitle "CB43_2024"]
[Source "Chessbase"]
[SourceDate "2024.10.23"]
[SourceVersion "1"]
[SourceVersionDate "2024.10.23"]
[SourceQuality "1"]

1. c4 e6 2. g3 d5 3. Bg2 Nf6 4. Nf3 dxc4 5. Qa4+ Bd7 6. Qxc4 c5 7. d4 Bc6 8. dxc5 Nbd7 9. Be3 Bxc5 10. Bxc5 Rc8 11. b4 b6 12. 0-0 bxc5 13. b5 Bxf3 14. exf3 0-0 15. a4 Qa5 16. f4 Rfd8 17. Rc1 Nd5 18. Bxd5 exd5 19. Qxd5 c4 20. Qd2 Qb6 21. Qc3 Nc5 22. Qxc4 Nd3 23. Qxc8 Qxf2+ 24. Kh1 Qf3+ 25. Kg1 Qe3+ 26. Kg2 Qe4+ 27. Kg1 Qd4+ 28. Kg2 Nxc1 29. Qc3 Qd1 30. Qf3 Ne2 31. Ra2 Re8 32. Rd2 Qg1+ 33. Kh3 Qe1 34. Kg2 Qg1+ 35. Kh3 Qe1 36. Kg2 Qg1+ 1/2-1/2

[Event "CHN-chT Div-A"]
[Site "Fuling"]
[Date "2024.07.06"]
[Round "9.2"]
[White "Xiao, Tong"]
[Black "Liu, Yan"]
[Result "1/2-1/2"]
[WhiteElo "2518"]
[BlackElo "2573"]
[PlyCount "61"]
[EventDate "2024.06.26"]
[EventType "team-swiss"]
[EventRounds "11"]
[EventCountry "CHN"]
[SourceTitle "CBM 221 Extra"]
[Source "ChessBase"]
[SourceDate "2024.09.30"]
[SourceVersion "1"]
[SourceVersionDate "2024.09.30"]
[SourceQuality "1"]
[WhiteTeam "Shandong"]
[BlackTeam "Chongqing Ticai"]
[WhiteTeamCountry "CHN"]
[BlackTeamCountry "CHN"]

1. d4 d5 2. c4 c6 3. Nc3 Nf6 4. Nf3 e6 5. Bg5 h6 6. Bh4 Be7 7. e3 0-0 8. Bd3 Nbd7 9. 0-0 dxc4 10. Bxc4 b5 11. Bd3 Bb7 12. a3 a5 13. Qc2 b4 14. axb4 axb4 15. Na4 c5 16. Bxf6 Nxf6 17. Nxc5 Bxf3 18. gxf3 Rc8 19. f4 Nd7 20. Rfd1 Nxc5 21. dxc5 Qc7 22. Rac1 Qxc5 23. Qxc5 Rxc5 24. Rxc5 Bxc5 25. f5 exf5 26. Bxf5 g6 27. Be4 Re8 28. Bd5 Kg7 29. Kg2 Rd8 30. Bb3 Rxd1 31. Bxd1 1/2-1/2

[Event "CHN-chT Div-A"]
[Site "Fuling"]
[Date "2024.07.01"]
[Round "5.2"]
[White "Wang, Zihang"]
[Black "Liu, Yan"]
[Result "0-1"]
[WhiteElo "2028"]
[BlackElo "2573"]
[PlyCount "106"]
[EventDate "2024.06.26"]
[EventType "team-swiss"]
[EventRounds "11"]
[EventCountry "CHN"]
[SourceTitle "CBM 221 Extra"]
[Source "ChessBase"]
[SourceDate "2024.09.30"]
[SourceVersion "1"]
[SourceVersionDate "2024.09.30"]
[SourceQuality "1"]
[WhiteTeam "Shenzhen Qiyuwenhua"]
[BlackTeam "Chongqing Ticai"]
[WhiteTeamCountry "CHN"]
[BlackTeamCountry "CHN"]

1. e4 c5 2. Nf3 d6 3. Bb5+ Nd7 4. d4 cxd4 5. Qxd4 a6 6. Bxd7+ Bxd7 7. Nc3 e5 8. Qd3 h6 9. Nd2 Rc8 10. Nc4 Be6 11. Ne3 Qc7 12. 0-0 Nf6 13. a4 Be7 14. Rd1 0-0 15. a5 Rfe8 16. Bd2 Bc4 17. Nxc4 Qxc4 18. Be1 Qxd3 19. Rxd3 Nd7 20. f3 g6 21. Bf2 f5 22. Rd2 Nf6 23. Ra4 fxe4 24. fxe4 Kf7 25. h3 Rc7 26. Bb6 Rc6 27. Rf2 Rec8 28. Be3 Rc4 29. Rxc4 Rxc4 30. Bxh6 Ke6 31. Re2 Bd8 32. Bg5 Bxa5 33. Bxf6 Bxc3 34. b3 Rc8 35. Bg5 b5 36. Bc1 a5 37. Ba3 Bd4+ 38. Kh2 b4 39. Bc1 a4 40. bxa4 b3 41. c3 Rxc3 42. Bb2 Re3 43. Rd2 Rxe4 44. a5 Kd7 45. g4 Kc6 46. Kg3 Bxb2 47. Rxb2 Rb4 48. h4 Kb5 49. h5 gxh5 50. gxh5 Kxa5 51. h6 Rb8 52. Kg4 Ka4 53. Kg5 Ka3 0-1

[Event "CHN-chT Div-A"]
[Site "Fuling"]
[Date "2024.06.29"]
[Round "4.2"]
[White "Liu, Yan"]
[Black "Xu, Jun"]
[Result "1/2-1/2"]
[WhiteElo "2573"]
[BlackElo "2471"]
[PlyCount "219"]
[EventDate "2024.06.26"]
[EventType "team-swiss"]
[EventRounds "11"]
[EventCountry "CHN"]
[SourceTitle "CBM 221 Extra"]
[Source "ChessBase"]
[SourceDate "2024.09.30"]
[SourceVersion "1"]
[SourceVersionDate "2024.09.30"]
[SourceQuality "1"]
[WhiteTeam "Chongqing Ticai"]
[BlackTeam "Jiangshu"]
[WhiteTeamCountry "CHN"]
[BlackTeamCountry "CHN"]

1. Nf3 c5 2. c4 Nf6 3. Nc3 Nc6 4. g3 g6 5. Bg2 d6 6. d4 cxd4 7. Nxd4 Bd7 8. 0-0 Bg7 9. e3 0-0 10. b3 Qc8 11. Bb2 Bh3 12. Nde2 Bxg2 13. Kxg2 b6 14. f3 Qb7 15. Nf4 a6 16. Qe2 Rab8 17. Ncd5 Nxd5 18. cxd5 Ne5 19. e4 Rbc8 20. Rac1 Rxc1 21. Rxc1 Rc8 22. Rc2 a5 23. Qd1 Qa6 24. Bxe5 Rxc2+ 25. Qxc2 Bxe5 26. Nd3 Bd4 27. a4 Bc5 28. Nb2 Bd4 29. Qc4 Qxc4 30. Nxc4 f5 31. exf5 gxf5 32. Na3 Kf7 33. Nb5 Bc5 34. Nc7 Kf6 35. f4 h5 36. Ne6 Be3 37. Kf3 Bc5 38. Ke2 Bg1 39. h3 Kf7 40. Kf3 Kf6 41. g4 fxg4+ 42. hxg4 hxg4+ 43. Kxg4 Kg6 44. Ng5 Bd4 45. Ne4 Bg1 46. f5+ Kf7 47. Kf3 Ke8 48. Ke2 Kd7 49. Kd3 Kc7 50. Kc4 Bh2 51. Ng5 Be5 52. Ne6+ Kb7 53. Kb5 Bf6 54. Nf4 Be5 55. Ne2 Bf6 56. Ng3 Bg7 57. Ne4 Be5 58. Nd2 Bd4 59. Kc4 Bf6 60. Nb1 Bb2 61. Kd3 Kc7 62. Nd2 Bf6 63. Nc4 Bg7 64. Ke4 Bf6 65. Kf3 Bd4 66. Kg4 Kd7 67. Kh5 Ke8 68. Kg6 Kf8 69. Nd2 Ke8 70. Ne4 Be5 71. Nd2 Bc3 72. Nc4 Bd4 73. f6 Bxf6 74. Nxb6 Bd4 75. Nc4 Bc3 76. Ne3 Bd4 77. Nc2 Bc5 78. Kf5 Kd7 79. Ne1 Bd4 80. Nf3 Bf6 81. Kg6 Ke8 82. Nd2 Bd4 83. Nc4 Bc3 84. Na3 Bb4 85. Nb5 Kf8 86. Nc7 Kg8 87. Ne6 Bd2 88. Nd8 Kf8 89. Kf5 Ke8 90. Ne6 Kf7 91. Nd4 Bc3 92. Nf3 Bf6 93. Nd2 Bd4 94. Nc4 Bc3 95. Nb6 Bd4 96. Na8 Bc3 97. Nc7 Be1 98. Ne6 Bd2 99. Ke4 Kf6 100. Kd3 Be1 101. Nd4 Bf2 102. Nc6 Be1 103. Nd4 Bf2 104. Ne6 Ke5 105. Kc4 Bb6 106. Nf8 Bf2 107. Ng6+ Kf6 108. Nf4 Be3 109. Nd3 e5 110. dxe6 1/2-1/2